Theory and problems of programming with PASCAL / (Record no. 9513)
[ view plain ]
| 000 -LEADER | |
|---|---|
| fixed length control field | 00572cam a2200217ua 4500 |
| 020 ## - INTERNATIONAL STANDARD BOOK NUMBER | |
| ISBN | 0 07 099108 1 |
| 041 ## - LANGUAGE CODE | |
| Language code of text/sound track or separate title | eng |
| 082 ## - DEWEY DECIMAL CLASSIFICATION NUMBER | |
| Classification number | 005.133 |
| Item number | GOT/TH |
| 100 ## - MAIN ENTRY--AUTHOR NAME | |
| Personal name | Gottfried, Byron S . |
| 245 ## - TITLE STATEMENT | |
| Title | Theory and problems of programming with PASCAL / |
| 250 ## - EDITION STATEMENT | |
| Edition statement | 1 / |
| 260 ## - PUBLICATION, DISTRIBUTION, ETC. (IMPRINT) | |
| Place of publication | New York : |
| Name of publisher | McGraw Hill Book Company , |
| Year of publication | 1986. |
| 300 ## - PHYSICAL DESCRIPTION | |
| Number of Pages | 407 ; . |
| 500 ## - GENERAL NOTE | |
| General note | *CSS |
| 942 ## - ADDED ENTRY ELEMENTS (KOHA) | |
| Koha item type | Books |
| Withdrawn status | Lost status | Damaged status | Home library | Current library | Date acquired | Full call number | Accession Number | Koha item type |
|---|---|---|---|---|---|---|---|---|
| KAUAET | KAUAET | 07/04/2012 | 005.133 | 17921 | Books | |||
| KAUAET | KAUAET | 07/04/2012 | 005.133 | 16922 | Books | |||
| KAUAET | KAUAET | 07/04/2012 | 005.133 | 17920 | Books |
